000 00638nam a2200217Ii 4500
003 JO-AjNU
008 230606s9999||||xx |||||||||||||| ||und||
020 _a0-15-567608-3
040 _aJO-AjNU
_beng
_erda
_cJO-AjNU
041 _aeng
050 1 4 _aPE1075.P9 1982
100 3 _aPyles, Thomas/John Algeo,
_eauthor
_95415
245 0 4 _aThe Origins and Development of the English Language
250 _a3 ed
264 3 1 _aLondon: Harcourt brace Jovanovich , 1982
300 _a376p
336 _atext
_btxt
_2rdacontent
337 _aunmediated
_bn
_2rdamedia
338 _avolume
_bnc
_2rdacarrier
650 4 _aEnglish language
_95416
999 _aE2796
_c2794
_d2794